LDR 01940naa#a2200397#i#450# 001 RU\\bibl\108820 005 20260702045636.4 011 ## _a1681-1208 100 ## _a20260701b2026####ek#y0rusy0150####ca 101 0# _aENG 102 ## _aRU 200 1# _aBuilt-Up Strain and the Predictability of the July 29(30), 2025 Kamchatka Earthquake _eЖурнальная статья 210 1# _aМосква _cГеофизический центр Российской Академии Наук _d2026 215 ## _a0 с. 606 ## _aНауки о Земле. 05.06.01 _2local 608 ## _aЖурнальная статья _2local 675 ## _aГеология. Геологические и геофизические науки. 55 _aСейсмология. 550.34 _aГлавное магнитное поле Земли. 550.383 _zENG 686 ## _aНауки о Земле. 26 _2bbk 686 ## _aСейсмология. 6323 _2tbk 686 ## _aНауки о Земле. Экология. 63 _2tbk 686 ## _aФизика Земли. 37.31 _2grnti 686 ## _aОбщие вопросы геофизики. 37.01 _2grnti 686 ## _aГеомагнетизм и высокие слои атмосферы. 37.15 _2grnti 686 ## _aОкеанология. 37.25 _2grnti 686 ## _aОбщие вопросы геологии. 38.01 _2grnti 686 ## _aГЕОДЕЗИЯ. КАРТОГРАФИЯ. 36.00 _2grnti 686 ## _aГЕОФИЗИКА. 37.00 _2grnti 686 ## _aГЕОЛОГИЯ. 38.00 _2grnti 686 ## _aГЕОГРАФИЯ. 39.00 _2grnti 686 ## _aГОРНОЕ ДЕЛО. 52.00 _2grnti 700 #1 _aВладимирова _gИрина Сергеевна 700 #1 _aВоробьева _gИнесса Анатольевна 700 #1 _aКрушельницкий _gКирилл Валерьевич 700 #1 _aСтеблов _gГ. М. 700 #1 _aШебалин _gПетр Николаевич 856 4# _arjes.ru _u